| 000 | 01442nam a2200313Ia 4500 | ||
|---|---|---|---|
| 003 | Ost | ||
| 005 | 20260416102355.0 | ||
| 008 | 260416s9999||||xx |||||||||||||| ||und|| | ||
| 040 | _cfsecg | ||
| 041 | _aara | ||
| 082 | _a330 | ||
| 100 |
_aبشاري، سلمى _eمؤلف |
||
| 245 | 0 |
_aمدخل إلى علم الإقتصاد / _c سلمى بشاري |
|
| 260 |
_aالجزائر _bجامعة الجزائر3: كلية العلوم الإقتصادية، العلوم التجارية وعلوم التسيير _c2019 |
||
| 300 |
_a114 ورقة _bايضاحات _c30 سم |
||
| 504 | _aمراجع ص.109 | ||
| 520 | _aماهية علم الاقتصاد، مبادئ التحليل الاقتصادي الجزئي (مغاهيم عامة)، مبادئ التحليل الاقتصادي الكلي (مغاهيم عامة ومؤشرات)، التنمية والسياسات الاقتصادية. | ||
| 653 | _aالاستهلاك | ||
| 653 | _aالاقتصاد | ||
| 653 | _aالبنوك | ||
| 653 | _aالتنمية الاقتصادية | ||
| 653 | _aالسياسة المالية | ||
| 653 | _aالعرض والطلب | ||
| 653 | _aالمشاكل الاقتصادية | ||
| 653 | _aالنظم الاقتصادية | ||
| 653 | _aالنقود | ||
| 710 |
_aجامعة الجزائر3: كلية العلوم الإقتصادية، العلوم التجارية وعلوم التسيير _eناشر علمي |
||
| 942 | _cHANDOUT | ||
| 999 |
_c41159 _d41159 |
||